Correspondencia del Obispo de Puebla sobre la controversia del capítulo de la Orden de Santo Domingo de la ciudad de México

Detalles Bibliográficos
Formato: Libro
Publicado: Puebla de los Ángeles, 1671
Materias:
Colección:Banco de datos
Acervo:Biblioteca Palafoxiana. Colección de Manuscritos
Descripción Física:1 f. ; 21.5 x 31.5 cm.
Tema general:Civil
LEADER 00445nam a22001330004500
035 |a 1807 
245 1 0 |a Correspondencia del Obispo de Puebla sobre la controversia del capítulo de la Orden de Santo Domingo de la ciudad de México 
260 |a Puebla de los Ángeles, 1671 
300 |a 1 f. ; 21.5 x 31.5 cm. 
650 1 0 |a Civil 
949 |a 32390/004 
942 |c PALAMANU 
943 |g Biblioteca Palafoxiana. Colección de Manuscritos 
999 |c 1069752  |d 1069752